India and international monetary reform (Record no. 497978)

000 -LEADER
fixed length control field 00396cam a22001097a 4500
008 - FIXED-LENGTH DATA ELEMENTS--GENERAL INFORMATION
fixed length control field 180718b xxu||||| |||| 00| 0 eng d
082 ## - DEWEY DECIMAL CLASSIFICATION NUMBER
Classification number T41 In2
245 ## - TITLE STATEMENT
Title India and international monetary reform
Statement of responsibility, etc. by Ministry of Finance, Department of Economic Affairs, India
260 ## - PUBLICATION, DISTRIBUTION, ETC.
Place of publication, distribution, etc.
Name of publisher, distributor, etc. Department of Economic Affairs
Date of publication, distribution, etc.
300 ## - PHYSICAL DESCRIPTION
Extent 215+p.
700 ## - ADDED ENTRY--PERSONAL NAME
Personal name India.Department of Economic Affairs. Ministry of Finance
Holdings
Withdrawn status Lost status Damaged status Not for loan Permanent Location Current Location Date acquired Full call number Barcode Date last seen Price effective from Koha item type
        Indian Institute of Public Administration Indian Institute of Public Administration 2018-08-04 T41 In2 G13113 2018-08-04 2018-08-04 G

Powered by Koha